| 000 | 00523cam a2200193 4500 | ||
|---|---|---|---|
| 001 | D7553 | ||
| 008 | 090401t1973 xxu||||| |||| 00| 0 eng d | ||
| 035 | _a(Sirsi) u7974 | ||
| 041 | _aeng | ||
| 050 | _a333.335 | ||
| 100 | _aNewton, Jack | ||
| 245 | _aSome problems arising from the valuation of industrial, commercial and agricultural properties | ||
| 260 |
_aLondon _bRICS _c1973 |
||
| 300 | _a18p | ||
| 350 | _a0 | ||
| 520 | _aShelved at Archives box 1973/24 AB...Archives AB | ||
| 942 | _n0 | ||
| 948 | _c04/03/1997 | ||
| 999 |
_c86466 _d86466 |
||